| 000 | 00502nam a22001457a 4500 | ||
|---|---|---|---|
| 005 | 20111221110947.0 | ||
| 020 |
_a8188539252 _c450.00 |
||
| 037 | _bPUB | ||
| 245 |
_aChildren picture dictionary: _bEnglish-English-Hindi with general knowledge |
||
| 260 |
_aNew Delhi _bAkshar Mala _c2011 |
||
| 270 |
_aA-47, Amar Colony, Lajpat Nagar, _bNew Delhi _e110024 |
||
| 300 |
_a192p. _bill. _c24cm(Hb) |
||
| 942 |
_2ddc _cCH _mCHI |
||
| 999 |
_c59727 _d59727 |
||